000 01033cab a2200277 4500
001 ABS51122
008 090401t1994 xxu||||| |||| 00| 0 eng d
035 _a(Sirsi) u11487
041 _aeng
100 _aPattison, M.A.
245 _aAfrican developments
260 _c1994
350 _a0
490 _aSurveying World
_v2(5) July 1994, 12-13(2)
520 _aReports on a recent visit to five African countries in Spring 1994, by the RICS President and Chief Executive where wide-ranging discussions with government ministers, non-government organisations and surveyors across Kenya, Malawi, Zimbabwe, Botswana and South Africa gave a picture of opportunities for surveying professionals to play an active role in economic development on the African continent.
650 _aAFRICA
650 _aBOTSWANA
650 _aECONOMIC DEVELOPMENT
650 _aKENYA
650 _aMALAWI
650 _aSOUTH AFRICA
650 _aZIMBABWE
690 _aOVERSEAS-REST OF THE WORLD
942 _n0
948 _c04/03/1997
999 _c7324
_d7324